000 00792nam a2200205Ia 4500
003 Ost
005 20260507075634.0
008 260507s9999||||xx |||||||||||||| ||und||
040 _cfsecg
041 _aara
082 _a657.46
100 _aعطية، هاشم أحمد
_eمؤلف
245 0 _aدراسات في المحاسبة المالية والتكاليف والمحاسبة الإدارية /
_c هاشم أحمد عطية
260 _aالإسكندرية:
_bالدار الجامعية للنشر,
_c2000
300 _a377 صفحة؛
_bإيضاحات ؛
_c25 سم
520 _aالمحاسبة المالية- المحاسبة الإدارية ومحاسبة التكاليف
653 _aالإدارة
653 _aالمحاسبة المالية
942 _cكتاب
999 _c45271
_d45271